00317pab a2200133 454500008004000000100001500040245004300055260000900098300001200107362001000119650001400129700002000143773002000163180718b2011 xxu||||| |||| 00| 0 eng d aPani, S.P. aEducational ideals: The West and India c2011 ap.1-13. a7 Feb aEducation aSatpathy, Geeta aUniversity News